Daily Capital City Riddle #185 - Statistics

General Stats
  • This quiz has been taken 28 times
  • The average score is 28 of 32
Answer Stats
Type Answer % Correct
Correctly Placed Letter A
100%
Found Letter A
100%
Alphabet Letter D
100%
Alphabet Letter E
100%
Alphabet Letter I
100%
Found Letter L
100%
Alphabet Letter N
100%
Alphabet Letter O
100%
Alphabet Letter R
100%
Alphabet Letter T
100%
Found Letter B
96%
Alphabet Letter M
96%
Alphabet Letter P
96%
Alphabet Letter S
96%
Alphabet Letter G
92%
Alphabet Letter C
88%
Found Letter U
88%
Alphabet Letter W
88%
Alphabet Letter H
85%
Found Letter K
85%
Alphabet Letter V
81%
Alphabet Letter Y
81%
Alphabet Letter X
77%
Alphabet Letter J
73%
Alphabet Letter Q
73%
Correctly Placed Letter U
73%
Alphabet Letter F
69%
Correctly Placed Letter K
69%
Alphabet Letter Z
69%
Correctly Placed Letter B
65%
Mystery Capital Kabul
65%
Correctly Placed Letter L
65%
No matching quizzes found
Score Distribution
Percent of People with Each Score
Percentile by Number Answered
Your Score History
You have not taken this quiz